[Event "Caioba Telecom op"]
[Site "Caioba"]
[Date "2018.08.01"]
[Round "1"]
[White "Moreira, Ronaldo Alonso"]
[Black "Bueno, Adriano Jose Ferrei"]
[Result "1-0"]
[WhiteElo "2067"]
[BlackElo "1420"]
[PlyCount "45"]
[EventDate "2018.08.01"]
[EventType "swiss"]
[EventRounds "9"]
[EventCountry "BRA"]
[SourceTitle "CBM 186 Extra"]
[Source "ChessBase"]
[SourceDate "2018.08.24"]
[SourceVersion "1"]
[SourceVersionDate "2018.08.24"]
[SourceQuality "1"]

1. d4 Nf6 2. c4 e6 3. Nc3 d5 4. Bg5 c5 5. e3 Be7 6. Nf3 Nc6 7. a3 0-0 8. Bd3 dxc4 9. Bxc4 cxd4 10. exd4 h6 11. Bh4 a6 12. 0-0 b5 13. Bb3 Bb7 14. Qd3 Nd7 15. Bc2 f5 16. Bg3 Nf6 17. Rfe1 Qd7 18. Bb3 Nd5 19. Rxe6 Na5 20. Nxd5 Bxd5 21. Rxe7 Qxe7 22. Bxd5+ Kh8 23. Bxa8 1-0